| 000 | 00833cam a22002894a 4500 | ||
|---|---|---|---|
| 942 | _cBK | ||
| 999 |
_c528 _d528 |
||
| 001 | 14034661 | ||
| 003 | OSt | ||
| 005 | 20250420134814.0 | ||
| 008 | 050713s2005 caua 001 0 eng | ||
| 010 | _a 2005279292 | ||
| 020 | _a9780596009205 | ||
| 040 |
_aDLC _cKCST |
||
| 042 | _apcc | ||
| 050 | 0 | 0 |
_aQA76.73.J38 _bS535 2005 |
| 082 | 0 | 0 |
_a005.133 _222 _bSi He |
| 100 | 1 |
_aSierra, Kathy. _94841 |
|
| 245 | 1 | 0 |
_aHead first Java / _cKathy Sierra, Bert Bates. |
| 250 | _a2nd ed. | ||
| 260 |
_aSebastopol, CA : _bO'Reilly, _c2005. |
||
| 300 |
_axxxii, 688 p. : _bill. ; _c24 cm. |
||
| 500 | _aIncludes index. | ||
| 650 | 0 |
_aJava (Computer program language) _9436 |
|
| 700 | 1 |
_aBates, Bert. _94842 |
|
| 856 | 4 | 2 |
_3Publisher description _uhttp://www.loc.gov/catdir/enhancements/fy0715/2005279292-d.html |
| 942 | _2ddc | ||